[Event "IX Open"]
[Site "Condino ITA"]
[Date "2009.07.29"]
[Round "4"]
[White "De Nisi, Roberta"]
[Black "Di Paolo, Raffaele"]
[Result "0-1"]
[WhiteElo "1885"]
[BlackElo "2318"]
[PlyCount "60"]
[EventDate "2009.07.27"]

1. d4 e6 2. c4 f5 3. Nc3 Nf6 4. g3 d5 5. Bg2 c6 6. c5 b6 7. b4 a5 8. b5 bxc5 9.
Nf3 Ne4 10. Qc2 cxd4 11. Nxe4 dxe4 12. bxc6 Bb4+ 13. Bd2 exf3 14. c7 Bxd2+ 15.
Qxd2 Qxc7 16. Bxf3 Bb7 17. Qxd4 Bxf3 18. exf3 Nc6 19. Qd1 Rd8 20. Qc1 Qe5+ 21.
Kf1 Nd4 22. Kg2 O-O 23. Re1 Qd5 24. Re3 f4 25. Rd3 fxg3 26. hxg3 e5 27. Qg5
Rxf3 28. Rxd4 Qxd4 29. Kxf3 Rf8+ 30. Kg2 Qxa1 0-1

[Event "IX Open"]
[Site "Condino ITA"]
[Date "2009.07.29"]
[Round "4"]
[White "De Santis, Alessio"]
[Black "Beccaris, Gabriele"]
[Result "1-0"]
[WhiteElo "2293"]
[BlackElo "2037"]
[PlyCount "63"]
[EventDate "2009.07.27"]

1. f4 d5 2. d3 Nf6 3. Nf3 e6 4. g3 b6 5. Bg2 Bb7 6. c3 c5 7. O-O Be7 8. a4 O-O
9. h3 Qc7 10. Qe1 Nbd7 11. g4 Bd6 12. Qg3 e5 13. fxe5 Nxe5 14. Nxe5 Bxe5 15.
Bf4 Bxf4 16. Qxf4 Qxf4 17. Rxf4 Rfe8 18. Kf2 Re7 19. Nd2 Rae8 20. Re1 Kf8 21.
Bf3 h6 22. Nf1 Nd7 23. d4 c4 24. Ng3 g6 25. h4 Kg7 26. g5 f5 27. gxh6+ Kxh6 28.
h5 Nf6 29. hxg6 Ne4+ 30. Bxe4 fxe4 31. Nf5+ Kxg6 32. Rg1+ 1-0

[Event "IX Open"]
[Site "Condino ITA"]
[Date "2009.07.29"]
[Round "4"]
[White "Della Rocca, Giorgio"]
[Black "Bondoni, Bernardino"]
[Result "1-0"]
[WhiteElo "1910"]
[BlackElo "1560"]
[PlyCount "107"]
[EventDate "2009.07.27"]

1. c4 c5 2. Nc3 d6 3. g3 Nf6 4. Bg2 e6 5. Nf3 Nc6 6. O-O Be7 7. d4 cxd4 8. Nxd4
Nxd4 9. Qxd4 O-O 10. Rd1 Qc7 11. Nb5 Qc5 12. Nxd6 Qxd4 13. Rxd4 Rd8 14. Nxc8
Rxd4 15. Nxe7+ Kf8 16. Bxb7 Rb8 17. Nc6 Rd1+ 18. Kg2 Rxb7 19. b3 Kg8 20. Ne5
Nd7 21. Nd3 f6 22. c5 Rc7 23. b4 Ne5 24. Nxe5 fxe5 25. Bb2 Rxa1 26. Bxa1 Kf7
27. Bxe5 Rc6 28. Bd6 Ra6 29. b5 Rxa2 30. Kf3 Ra5 31. b6 axb6 32. cxb6 Rb5 33.
Bc7 Kf6 34. Ke4 Ke7 35. Kd4 Kd7 36. e4 Rb2 37. Ke3 Kc6 38. h4 h5 39. f3 g6 40.
Kf4 Rh2 41. g4 hxg4 42. fxg4 Kd7 43. e5 Ke7 44. Kg5 Kf7 45. h5 gxh5 46. gxh5
Rb2 47. h6 Rg2+ 48. Kf4 Rb2 49. Ke4 Kg6 50. Kd4 Kxh6 51. Kc5 Kg6 52. Kc6 Kf7
53. b7 Rc2+ 54. Kd7 1-0

[Event "IX Open"]
[Site "Condino ITA"]
[Date "2009.07.29"]
[Round "4"]
[White "Facchetti, Lorenzo"]
[Black "Giovannini, Roberto"]
[Result "1/2-1/2"]
[WhiteElo "1807"]
[BlackElo "1976"]
[PlyCount "95"]
[EventDate "2009.07.27"]

1. d4 d5 2. c4 c6 3. Nf3 Nf6 4. Nc3 dxc4 5. a4 Bf5 6. e3 e6 7. Bxc4 Bb4 8. O-O
O-O 9. Qe2 Nbd7 10. e4 Bg6 11. e5 Nd5 12. Nxd5 cxd5 13. Bd3 Rc8 14. Bg5 Qb6 15.
Rfc1 Nb8 16. Bxg6 hxg6 17. Qb5 Nc6 18. Kf1 Rc7 19. Qxb6 axb6 20. Ke2 Rfc8 21.
Bd2 Bxd2 22. Kxd2 Na5 23. Rxc7 Rxc7 24. Kd3 f6 25. Ra3 Rc1 26. Rc3 Rd1+ 27. Ke2
Rb1 28. exf6 Rxb2+ 29. Kd3 gxf6 30. Rc2 Rb4 31. Ra2 Nc4 32. Kc3 Rb1 33. Nd2
Nxd2 34. Kxd2 Rb4 35. Ke3 Kf7 36. Rc2 Rxa4 37. Rc7+ Ke8 38. Rxb7 Ra3+ 39. Kf4
Rb3 40. h4 Rb4 41. Ke3 Kf8 42. g4 Rb3+ 43. Kf4 Rd3 44. Rxb6 Rxd4+ 45. Kf3 Re4
46. Rb8+ Kg7 47. Rb7+ Kf8 48. Rb8+ 1/2-1/2

[Event "IX Open"]
[Site "Condino ITA"]
[Date "2009.07.29"]
[Round "4"]
[White "Forno, Roberto"]
[Black "Righi, Ezio"]
[Result "0-1"]
[WhiteElo "1946"]
[BlackElo "2111"]
[PlyCount "78"]
[EventDate "2009.07.27"]

1. d4 c5 2. d5 g6 3. Nc3 Bg7 4. e4 d6 5. Be3 Nf6 6. f3 e6 7. dxe6 Bxe6 8. Nb5
Qa5+ 9. Kf2 O-O 10. Qxd6 Na6 11. Bd2 Qa4 12. b3 Nxe4+ 13. fxe4 Qxe4 14. Bd3
Qh4+ 15. Qg3 Qxg3+ 16. Kxg3 Bxa1 17. Nf3 Bg7 18. Nd6 Bd5 19. Re1 Nb4 20. Be4
Bxe4 21. Rxe4 b6 22. Ng5 Rad8 23. Bf4 Nd5 24. Ndxf7 Rxf7 25. Nxf7 Kxf7 26. Bg5
Bf6 27. Bh6 Re8 28. Rc4 Ne3 29. Bxe3 Rxe3+ 30. Kf4 Rc3 31. Ke4 Rxc4+ 32. bxc4
Ke6 33. a4 h5 34. h3 h4 35. Kf4 Be7 36. Kg4 Ke5 37. c3 Ke4 38. g3 hxg3 39. Kxg3
Kd3 0-1

[Event "IX Open"]
[Site "Condino ITA"]
[Date "2009.07.29"]
[Round "4"]
[White "Frugoni, Giulio"]
[Black "Ravazzolo, Gildo"]
[Result "0-1"]
[WhiteElo "1753"]
[BlackElo "1503"]
[PlyCount "98"]
[EventDate "2009.07.27"]

1. Nf3 d5 2. d4 c6 3. Bf4 Nf6 4. e3 Bf5 5. c4 e6 6. a3 h6 7. Nc3 Nbd7 8. Be2
Nh5 9. Bg3 Nxg3 10. fxg3 Nb6 11. Qb3 dxc4 12. Bxc4 Nxc4 13. Qxc4 Be7 14. O-O
O-O 15. Ne5 Bg5 16. Rae1 Qe7 17. b4 Rac8 18. Nf3 Bf6 19. e4 Bg4 20. e5 Bg5 21.
h4 Bxf3 22. hxg5 Bd5 23. Qe2 Qxg5 24. Qf2 Bc4 25. Ne2 Rcd8 26. Qf4 Qg6 27. Rf3
Bd5 28. Rc3 f6 29. Rcc1 f5 30. Nc3 Rc8 31. Nxd5 cxd5 32. Rc5 b6 33. Rxc8 Rxc8
34. Rc1 Qe8 35. Qe3 Rc4 36. Qd2 Qc6 37. Rxc4 dxc4 38. Qc3 b5 39. Kf2 Kf7 40.
Qf3 Qxf3+ 41. gxf3 g5 42. Ke2 h5 43. Ke3 h4 44. f4 h3 45. d5 exd5 46. fxg5 h2
47. Kf4 h1=Q 48. e6+ Kxe6 49. g6 Qh6+ 0-1

[Event "IX Open"]
[Site "Condino ITA"]
[Date "2009.07.29"]
[Round "4"]
[White "Gastaldello, Lorenzo"]
[Black "Caputi, Nicola"]
[Result "1/2-1/2"]
[WhiteElo "1620"]
[BlackElo "2053"]
[PlyCount "55"]
[EventDate "2009.07.27"]

1. Nf3 Nf6 2. g3 g6 3. Bg2 Bg7 4. O-O d5 5. d4 O-O 6. c3 c6 7. Nbd2 Nbd7 8. Re1
e5 9. dxe5 Ng4 10. e4 dxe4 11. Nxe4 Ndxe5 12. Nd6 Qb6 13. Qe2 c5 14. Nxe5 Nxe5
15. Nxc8 Raxc8 16. Be3 Nc6 17. Rad1 Qa5 18. a3 b6 19. Rd2 Qa4 20. Bh3 f5 21.
Bg2 Ne5 22. Bd5+ Kh8 23. Bh6 Bxh6 24. Qxe5+ Bg7 25. Qe2 Rfe8 26. Qd1 Rxe1+ 27.
Qxe1 Re8 28. Re2 1/2-1/2

[Event "IX Open"]
[Site "Condino ITA"]
[Date "2009.07.29"]
[Round "4"]
[White "Hortensius, Lisa"]
[Black "Monticone, Sonia"]
[Result "1-0"]
[WhiteElo "2033"]
[BlackElo "1805"]
[PlyCount "121"]
[EventDate "2009.07.27"]

1. e4 c5 2. Nf3 e6 3. d4 cxd4 4. Nxd4 a6 5. Nc3 b5 6. Bd3 Bb7 7. O-O Qc7 8. Kh1
Nf6 9. a3 Be7 10. f4 d6 11. Be3 O-O 12. Qe1 Nbd7 13. Nb3 h5 14. Qg3 Ng4 15. Bd2
Rac8 16. h3 Ngf6 17. Rae1 e5 18. fxe5 Nxe5 19. Nd4 Ng6 20. Nf5 Kh8 21. Bg5 Rfe8
22. Nxe7 Qxe7 23. Nd5 Qe5 24. Qxe5 Rxe5 25. Bxf6 gxf6 26. Nxf6 Kg7 27. Re2 Rc7
28. Ref2 Bc6 29. Rf5 h4 30. Nh5+ Kg8 31. Nf6+ Kg7 32. Nd5 Ra7 33. Rxe5 Nxe5 34.
Nb4 Bd7 35. Rf4 Ng6 36. Rf2 Ra8 37. Rd2 a5 38. Nd5 Re8 39. Nc3 Re5 40. Kg1 Bc6
41. Bf1 b4 42. axb4 axb4 43. Na2 Bxe4 44. Nxb4 d5 45. Na6 Nf4 46. b4 Re6 47.
Nc5 Re5 48. c3 Bf5 49. b5 Re1 50. Rf2 Nd3 51. Rxf5 Nxc5 52. Rxd5 Nb7 53. Kf2
Re6 54. c4 Na5 55. c5 Kf8 56. b6 Rf6+ 57. Kg1 Re6 58. Ba6 Nc6 59. b7 Ke7 60.
Bb5 Nb8 61. c6 1-0

[Event "IX Open"]
[Site "Condino ITA"]
[Date "2009.07.29"]
[Round "4"]
[White "Hortensius, Myrre"]
[Black "Cosenza, Gianni"]
[Result "1-0"]
[WhiteElo "1773"]
[BlackElo "1927"]
[PlyCount "105"]
[EventDate "2009.07.27"]

1. e4 e6 2. d4 d5 3. e5 c5 4. c3 Qb6 5. Nf3 Nc6 6. a3 c4 7. Be2 Bd7 8. O-O Be7
9. h3 O-O-O 10. Nbd2 Na5 11. Nh2 f6 12. f4 Nh6 13. Rb1 Nf5 14. Rf3 h5 15. Nhf1
g5 16. exf6 Bxf6 17. fxg5 Bxg5 18. Nxc4 Nxc4 19. Bxg5 Rdg8 20. h4 e5 21. Bxc4
dxc4 22. Ne3 Nxe3 23. Rxe3 e4 24. Qe2 Qc6 25. Rf1 Bg4 26. Qe1 Re8 27. Rf4 Qb5
28. Qf2 Qd5 29. Rf6 Rhg8 30. Qf4 Qb5 31. Rf7 Bd7 32. Re2 Qd5 33. Re3 Qb5 34.
Qd6 Qc6 35. Qxc6+ Bxc6 36. Bf4 Rg4 37. Bg5 Rh8 38. Re7 a6 39. Re5 b5 40. Re7
Bb7 41. Re2 Rf8 42. Kh2 Bc6 43. Re5 Re8 44. Rxe8+ Bxe8 45. g3 Bc6 46. Rf2 Kd7
47. Rf7+ Ke8 48. Re7+ Kf8 49. Re6 Bd5 50. Re5 Bb7 51. Bh6+ Kf7 52. Rxh5 Rg6 53.
Bf4 1-0

[Event "IX Open"]
[Site "Condino ITA"]
[Date "2009.07.29"]
[Round "4"]
[White "Marguerettaz, Davy"]
[Black "Stets, Dmitry"]
[Result "0-1"]
[WhiteElo "2048"]
[BlackElo "2427"]
[PlyCount "84"]
[EventDate "2009.07.27"]

1. e4 c5 2. Nf3 d6 3. d4 cxd4 4. Qxd4 Nc6 5. Bb5 Bd7 6. Bxc6 Bxc6 7. Nc3 Qb6 8.
O-O Nf6 9. Be3 Qxd4 10. Nxd4 Nxe4 11. Nxc6 Nxc3 12. Nxa7 Nd5 13. Nb5 Rc8 14. c3
Nxe3 15. fxe3 d5 16. Rf4 g6 17. Ra4 e6 18. Ra7 Kd7 19. a4 Kc6 20. b4 Bg7 21.
Rf1 f5 22. Nd4+ Kb6 23. Ra5 Rhe8 24. Rb5+ Ka7 25. Rc5 Rxc5 26. bxc5 Bf8 27. c6
bxc6 28. Nxc6+ Kb6 29. Nd4 Kc5 30. Rb1 Kc4 31. a5 Bc5 32. Rb7 f4 33. a6 fxe3
34. a7 e2 35. Kf2 Kd3 36. Ke1 Rf8 37. Nxe2 Be3 38. Rb2 Bf2+ 39. Kd1 Bxa7 40.
Rd2+ Kc4 41. Nd4 Bxd4 42. cxd4 Rf4 0-1

[Event "IX Open"]
[Site "Condino ITA"]
[Date "2009.07.29"]
[Round "4"]
[White "Moro, Roberto"]
[Black "Panjkovic, Stefan"]
[Result "1-0"]
[WhiteElo "1781"]
[BlackElo "1503"]
[PlyCount "53"]
[EventDate "2009.07.27"]

1. e4 d5 2. exd5 Qxd5 3. Nc3 Qa5 4. d4 Nf6 5. Bd2 c6 6. h3 Bf5 7. Ne4 Qc7 8.
Nxf6+ exf6 9. Nf3 Bd6 10. Bd3 Bxd3 11. cxd3 O-O 12. O-O Nd7 13. Nh4 Rfe8 14.
Qg4 g6 15. Nf5 Kh8 16. Nh6 Nb6 17. Qf3 f5 18. g4 f4 19. Rfe1 Nd5 20. g5 f5 21.
gxf6 Nxf6 22. Ng4 Kg7 23. Bc3 Kf7 24. Nxf6 Kxf6 25. d5+ Be5 26. Qxf4+ Kg7 27.
Bxe5+ 1-0

[Event "IX Open"]
[Site "Condino ITA"]
[Date "2009.07.29"]
[Round "4"]
[White "Pandini, Giuseppe"]
[Black "Pandini, Claudio"]
[Result "1/2-1/2"]
[WhiteElo "1715"]
[BlackElo "1266"]
[PlyCount "90"]
[EventDate "2009.07.27"]

1. c4 c5 2. Nc3 b6 3. d3 Bb7 4. e4 e5 5. Nf3 Nc6 6. g3 Nf6 7. Bg5 Be7 8. Bh3
Nd4 9. Nxd4 cxd4 10. Ne2 Bb4+ 11. Kf1 O-O 12. Qa4 Qe7 13. Bxf6 gxf6 14. Qxd7
Qxd7 15. Bxd7 Rfd8 16. Bf5 Rab8 17. f4 Bd2 18. Kg2 Be3 19. a4 Bc6 20. b4 a6 21.
b5 axb5 22. axb5 Bd7 23. Bxd7 Rxd7 24. Ra6 Bd2 25. Nc1 Kg7 26. Nb3 Bc3 27. f5
Kh6 28. Rb1 Kg5 29. c5 Bb4 30. cxb6 Rd6 31. b7 Rxb7 32. Rxd6 Bxd6 33. Na5 Re7
34. Nc6 Rb7 35. Nd8 Rd7 36. Nc6 h5 37. b6 Rb7 38. Nd8 Rb8 39. Nc6 Rb7 40. Na7
Bc5 41. Nc8 Kg4 42. Rb5 Ba3 43. Ra5 Bb4 44. Ra7 Rb8 45. b7 Bc5 1/2-1/2

[Event "IX Open"]
[Site "Condino ITA"]
[Date "2009.07.29"]
[Round "4"]
[White "Panjkovic, Aleksandar"]
[Black "Bini, Lorenzo"]
[Result "1-0"]
[WhiteElo "2122"]
[BlackElo "1947"]
[PlyCount "63"]
[EventDate "2009.07.27"]

1. c4 g6 2. g3 Bg7 3. Bg2 d6 4. d3 c6 5. Nc3 e5 6. e4 Ne7 7. Be3 c5 8. Qd2 h6
9. Nge2 Nbc6 10. O-O Nd4 11. f4 f6 12. Nd5 Nxd5 13. exd5 Nxe2+ 14. Qxe2 O-O 15.
fxe5 fxe5 16. Rxf8+ Qxf8 17. Rf1 Qe8 18. Qd2 Bf5 19. Bxh6 Bxd3 20. Qxd3 Bxh6
21. Rf6 Kg7 22. Rxd6 Rd8 23. Rxd8 Qxd8 24. d6 Qd7 25. Be4 Kf6 26. Bxg6 Bf8 27.
Qf3+ Kg7 28. Qh5 Qxd6 29. Qh7+ Kf6 30. Qf7+ Kg5 31. h4+ Kg4 32. Bh5+ 1-0

[Event "IX Open"]
[Site "Condino ITA"]
[Date "2009.07.29"]
[Round "4"]
[White "Pedrotti, Luciano"]
[Black "Lodi, Paolo"]
[Result "1-0"]
[WhiteElo "1819"]
[BlackElo "1706"]
[PlyCount "49"]
[EventDate "2009.07.27"]

1. e4 e6 2. d4 d5 3. exd5 exd5 4. Nf3 Bg4 5. Be2 Bd6 6. O-O Nf6 7. Bg5 Nbd7 8.
Re1 O-O 9. c3 c6 10. Nbd2 Qc7 11. Nf1 Ne4 12. Bh4 f5 13. Ng5 Bxe2 14. Rxe2 Rae8
15. f3 Nef6 16. Ne6 Rxe6 17. Rxe6 Qb8 18. Qc2 Re8 19. Qxf5 Rxe6 20. Qxe6+ Kf8
21. Re1 h6 22. b3 g5 23. Bg3 Bxg3 24. Nxg3 Qe8 25. Qd6+ 1-0

[Event "IX Open"]
[Site "Condino ITA"]
[Date "2009.07.29"]
[Round "4"]
[White "Pepino, Enrico"]
[Black "Volpinari, Danilo"]
[Result "1/2-1/2"]
[WhiteElo "2110"]
[BlackElo "2056"]
[PlyCount "59"]
[EventDate "2009.07.27"]

1. e4 c5 2. Nf3 Nc6 3. d4 cxd4 4. Nxd4 g6 5. c4 Nf6 6. Nc3 d6 7. Be2 Nxd4 8.
Qxd4 Bg7 9. Be3 O-O 10. Qd2 Be6 11. f3 Qa5 12. Rc1 Rfc8 13. Nd5 Qxd2+ 14. Kxd2
Nxd5 15. cxd5 Bd7 16. b3 Bb2 17. Rc2 Ba3 18. Bd4 Rxc2+ 19. Kxc2 Rc8+ 20. Kb1
Bc5 21. Bxc5 Rxc5 22. Rc1 Rxc1+ 23. Kxc1 Kg7 24. Kd2 f5 25. Ke3 Kf6 26. f4 fxe4
27. Kxe4 h6 28. g4 g5 29. Ke3 Kg7 30. Ke4 1/2-1/2

[Event "IX Open"]
[Site "Condino ITA"]
[Date "2009.07.29"]
[Round "4"]
[White "Poletti, Fausto"]
[Black "Gardi, Giuseppe"]
[Result "1/2-1/2"]
[WhiteElo "1894"]
[BlackElo "2017"]
[PlyCount "149"]
[EventDate "2009.07.27"]

1. c4 g6 2. g3 Bg7 3. Bg2 d6 4. Nc3 e5 5. d3 Nc6 6. e3 Nge7 7. Nge2 O-O 8. O-O
Be6 9. Rb1 a5 10. a3 Qd7 11. b4 axb4 12. axb4 Bh3 13. b5 Bxg2 14. Kxg2 Nd8 15.
d4 exd4 16. exd4 Ne6 17. d5 Nc5 18. Nd4 Nf5 19. Nce2 Rfe8 20. Nxf5 Qxf5 21. Be3
Qe4+ 22. Kg1 Nd3 23. Qc2 Nxf2 24. Qxe4 Nh3+ 25. Kg2 Rxe4 26. Rb3 Rae8 27. Rf3
Ng5 28. Bxg5 Rxe2+ 29. Rf2 Bd4 30. Rxe2 Rxe2+ 31. Kh1 Kg7 32. Rd3 Bc5 33. Rc3
h6 34. Bc1 g5 35. Ba3 Be3 36. c5 g4 37. h4 Bd2 38. Rc2 dxc5 39. Bxc5 Re1+ 40.
Kg2 Ba5 41. d6 cxd6 42. Bxd6 Re6 43. Bf4 Bb6 44. Rd2 Bc5 45. Rd5 b6 46. Rd8
Re2+ 47. Kf1 Rf2+ 48. Ke1 Rf3 49. Ke2 Rb3 50. h5 Rxb5 51. Be5+ f6 52. Rd7+ Kf8
53. Bxf6 Bg1 54. Bg7+ Ke8 55. Rd1 Bh2 56. Bxh6 Bxg3 57. Rg1 Rxh5 58. Be3 Rh2+
59. Kd1 Bf2 60. Bxf2 Rxf2 61. Rxg4 Kd7 62. Rg6 Kc7 63. Kc1 Kb7 64. Kb1 Ka6 65.
Rg8 Ka5 66. Ra8+ Kb4 67. Rh8 b5 68. Rh4+ Ka3 69. Rh3+ Ka4 70. Rh4+ b4 71. Rh8
Ka3 72. Rh3+ b3 73. Rh1 Rb2+ 74. Ka1 Rc2 75. Kb1 1/2-1/2

[Event "IX Open"]
[Site "Condino ITA"]
[Date "2009.07.29"]
[Round "4"]
[White "Popa, Claudiu"]
[Black "Dittmar, Peter"]
[Result "0-1"]
[WhiteElo "2233"]
[BlackElo "2357"]
[PlyCount "128"]
[EventDate "2009.07.27"]

1. e4 e6 2. d4 d5 3. Nd2 c5 4. Ngf3 Nc6 5. exd5 exd5 6. Be2 Bd6 7. dxc5 Bxc5 8.
Nb3 Bb6 9. O-O Nge7 10. Bg5 O-O 11. c3 h6 12. Bf4 Nf5 13. h3 Re8 14. a4 Be6 15.
Bd3 a6 16. Re1 Qf6 17. a5 Ba7 18. Ne5 Nh4 19. Nxc6 Bxf2+ 20. Kxf2 Qxf4+ 21. Kg1
Qg3 22. Bf1 bxc6 23. Qd3 Qg5 24. Qe3 Qxe3+ 25. Rxe3 Nf5 26. Re5 Nd6 27. Nc5 Bc8
28. Rxe8+ Nxe8 29. Re1 Kf8 30. Kf2 Nc7 31. Na4 Be6 32. Nc5 Bc8 33. Na4 Be6 34.
Nc5 Ke7 35. Bd3 Rb8 36. b4 d4 37. cxd4 Rxb4 38. Nxa6 Nxa6 39. Bxa6 Ra4 40. Bb7
Kd6 41. a6 Bc4 42. Rc1 Ra2+ 43. Ke3 Bd5 44. g3 Ra3+ 45. Kf2 Kc7 46. Bxc6 Bxc6
47. d5 Rxa6 48. Rxc6+ Rxc6 49. dxc6 Kxc6 50. Ke3 Kd5 51. Kf4 g6 52. h4 h5 53.
g4 hxg4 54. Kxg4 Ke4 55. Kg5 Ke5 56. Kh6 Kf6 57. Kh7 g5 58. h5 g4 59. h6 g3 60.
Kh8 g2 61. h7 Ke7 62. Kg8 g1=Q+ 63. Kh8 Qa1+ 64. Kg8 Qa8+ 0-1

[Event "IX Open"]
[Site "Condino ITA"]
[Date "2009.07.29"]
[Round "4"]
[White "Ravazzolo, Gaia"]
[Black "Carfagna, Alex"]
[Result "1/2-1/2"]
[WhiteElo "1698"]
[BlackElo "1560"]
[PlyCount "82"]
[EventDate "2009.07.27"]

1. d4 d5 2. Nf3 Nf6 3. c4 c6 4. Nc3 e6 5. cxd5 exd5 6. Qc2 g6 7. Bg5 Bg7 8. e3
O-O 9. Bd3 Re8 10. O-O Qb6 11. Rac1 Nbd7 12. a3 a6 13. b4 Qa7 14. Na4 Re6 15.
Nd2 b5 16. Nb2 Bb7 17. Nb3 Rae8 18. Bxf6 Bxf6 19. Be2 h5 20. Nd3 Be7 21. Qb2
Rc8 22. Bf3 Bf6 23. Ndc5 Nxc5 24. Nxc5 Rd6 25. Qd2 Bd8 26. Rc2 Ba8 27. Rfc1 Bg5
28. Nb3 Re8 29. Na5 Qb6 30. Rc3 Rc8 31. Qb2 Bf6 32. Rc5 Rc7 33. R1c2 Be7 34.
Qc1 Bd8 35. R5c3 Kg7 36. Rc5 Kg8 37. R5c3 Kg7 38. Nb3 Bb7 39. Na5 Ba8 40. Qb2
Bf6 41. Rc5 Kg8 1/2-1/2

[Event "IX Open"]
[Site "Condino ITA"]
[Date "2009.07.29"]
[Round "4"]
[White "Rossi, Giampiero"]
[Black "Trifoni, Giorgio"]
[Result "1-0"]
[WhiteElo "1934"]
[BlackElo "1596"]
[PlyCount "136"]
[EventDate "2009.07.27"]

1. d4 b6 2. c4 Bb7 3. Nc3 e6 4. e4 Ne7 5. Bd3 d6 6. Nge2 Nd7 7. O-O a6 8. f3 c5
9. Be3 g6 10. Qd2 h6 11. Rfd1 Bg7 12. Rac1 Rc8 13. b3 Qc7 14. Bb1 Rd8 15. d5 e5
16. Rc2 Bc8 17. Nc1 g5 18. Nd3 O-O 19. g3 f5 20. f4 exf4 21. gxf4 g4 22. Nf2 h5
23. e5 Ng6 24. e6 Nf6 25. Nd3 Nh4 26. Ne1 Ne4 27. Nxe4 fxe4 28. Qf2 Nf3+ 29.
Nxf3 exf3 30. Qh4 Bf6 31. Qxh5 Qg7 32. Rcd2 Rde8 33. Qg6 Bxe6 34. Qxg7+ Bxg7
35. dxe6 Rxe6 36. Bf2 Rxf4 37. Rxd6 Re2 38. Rd8+ Rf8 39. Rxf8+ Kxf8 40. Kf1 Be5
41. Re1 Rxe1+ 42. Bxe1 Bxh2 43. Kf2 Ke7 44. Bf5 g3+ 45. Kxf3 Kf6 46. Bc8 a5 47.
Bc3+ Ke7 48. Kg2 Kd6 49. Bg4 Kc6 50. Bf3+ Kd6 51. a4 Ke6 52. Be4 Kd6 53. Ba8
Ke6 54. Bf3 Kd6 55. Be1 Ke5 56. Bxg3+ Bxg3 57. Kxg3 Kd4 58. Bc6 Ke5 59. Kf3 Kf5
60. Ke3 Ke5 61. Bg2 Kf5 62. Bh3+ Ke5 63. Bg4 Kd6 64. Ke4 Kc7 65. Kd5 Kb7 66.
Kd6 Kb8 67. Kc6 Ka7 68. Bc8 Kb8 1-0

[Event "IX Open"]
[Site "Condino ITA"]
[Date "2009.07.29"]
[Round "4"]
[White "Salvo, Guglielmo"]
[Black "Bonugli, Carlo"]
[Result "1/2-1/2"]
[WhiteElo "1762"]
[BlackElo "2003"]
[PlyCount "98"]
[EventDate "2009.07.27"]

1. e4 e6 2. d4 d5 3. e5 c5 4. Bb5+ Nc6 5. Nf3 Bd7 6. Bxc6 bxc6 7. O-O cxd4 8.
Qxd4 c5 9. Qg4 Ne7 10. b3 Ng6 11. Bb2 Be7 12. Nbd2 O-O 13. c4 Qc7 14. Rfe1 Rab8
15. h4 f5 16. exf6 Bxf6 17. Bxf6 Rxf6 18. h5 Nf8 19. Ne5 Be8 20. Qh3 Rf5 21.
Ndf3 Rxh5 22. Qg3 Rd8 23. Nh4 Qe7 24. Nhf3 d4 25. Re4 Bc6 26. Rg4 Bxf3 27. Nxf3
Ng6 28. Re1 Qd6 29. Qxd6 Rxd6 30. Rge4 Nf8 31. g4 Rh6 32. Ne5 Rf6 33. Kg2 g5
34. Nd3 Nd7 35. Kg3 h6 36. a3 a5 37. f4 Rb6 38. fxg5 hxg5 39. b4 axb4 40. axb4
cxb4 41. Rxd4 Rb7 42. c5 Rc7 43. c6 Nb6 44. Nxb4 Nd5 45. Nxd5 exd5 46. Rxd5
Rcxc6 47. Rxg5+ Rg6 48. Ree5 Rxg5 49. Rxg5+ Kf7 1/2-1/2

[Event "IX Open"]
[Site "Condino ITA"]
[Date "2009.07.29"]
[Round "4"]
[White "Sanzani, Pierluigi"]
[Black "Pipitone, Antonio"]
[Result "0-1"]
[WhiteElo "1824"]
[BlackElo "2061"]
[PlyCount "106"]
[EventDate "2009.07.27"]

1. e4 c5 2. Nf3 d6 3. d4 cxd4 4. Nxd4 Nf6 5. Nc3 Nc6 6. Bg5 e6 7. Qd2 a6 8. f3
h6 9. Be3 Nxd4 10. Qxd4 e5 11. Qd2 Be6 12. O-O-O Qa5 13. Kb1 Rc8 14. Nd5 Qxd2
15. Rxd2 Bxd5 16. exd5 Be7 17. Be2 O-O 18. g4 Nd7 19. h4 f5 20. f4 exf4 21.
Bxf4 fxg4 22. Bxg4 Rxf4 23. Bxd7 Rcf8 24. c3 Bxh4 25. Kc2 Bf6 26. Rg2 Kh7 27.
Rg4 Rxg4 28. Bxg4 Be5 29. b4 g6 30. c4 h5 31. Be6 b6 32. Rh3 Kh6 33. a4 g5 34.
a5 bxa5 35. c5 dxc5 36. bxc5 Bd4 37. Ra3 Bxc5 38. Rxa5 Bd6 39. Rxa6 Rd8 40. Kd3
g4 41. Ke4 Kg5 42. Ra7 g3 43. Kf3 Be5 44. Ra4 Rf8+ 45. Kg2 Rf2+ 46. Kg1 Rd2 47.
Bh3 Rxd5 48. Ra2 Rd1+ 49. Kg2 h4 50. Rc2 Bd4 51. Ra2 Kf4 52. Bc8 Rg1+ 53. Kh3
Rh1+ 0-1

[Event "IX Open"]
[Site "Condino ITA"]
[Date "2009.07.29"]
[Round "4"]
[White "Saviano, Sabato"]
[Black "Pretto, Aldo"]
[Result "0-1"]
[WhiteElo "1695"]
[BlackElo "1533"]
[PlyCount "124"]
[EventDate "2009.07.27"]

1. e4 e5 2. Nf3 d6 3. Bc4 Be7 4. h3 Nf6 5. d3 O-O 6. a3 Nbd7 7. O-O Nc5 8. Nc3
c6 9. Ba2 a5 10. a4 Be6 11. Nh2 Qb6 12. Kh1 Bxa2 13. Rxa2 Ne6 14. f4 exf4 15.
Bxf4 Nxf4 16. Rxf4 Rad8 17. Ng4 Rfe8 18. Nxf6+ Bxf6 19. Ne2 d5 20. exd5 Rxd5
21. Rf1 Rde5 22. Ng3 Bh4 23. Qf3 Qc7 24. Nf5 Bf6 25. Nh6+ Kh8 26. Ng4 R5e6 27.
Nxf6 Rxf6 28. Qd1 Rfe6 29. Qh5 Rg6 30. Raa1 Qg3 31. Qf3 Qxf3 32. Rxf3 Kg8 33.
Raf1 Re7 34. Kg1 Rge6 35. g4 h6 36. Kg2 f6 37. R1f2 Re5 38. c4 h5 39. gxh5 Rxh5
40. Rg3 Rhe5 41. Rxf6 Re2+ 42. Rf2 R7e3 43. Rgf3 Rxf3 44. Kxf3 Re1 45. d4 Ra1
46. Ke4 Rxa4 47. b3 Ra1 48. Rf3 Re1+ 49. Re3 Rxe3+ 50. Kxe3 Kf7 51. Ke4 Ke6 52.
d5+ cxd5+ 53. cxd5+ Kd6 54. Kd4 b5 55. h4 g6 56. Ke4 a4 57. bxa4 bxa4 58. Kd4
a3 59. Kc3 Kxd5 60. Kb3 Ke4 61. Kxa3 Kf4 62. Kb2 Kg4 0-1

[Event "IX Open"]
[Site "Condino ITA"]
[Date "2009.07.29"]
[Round "4"]
[White "Schaberg, Wolfgang"]
[Black "Hortensius, Kees"]
[Result "1-0"]
[WhiteElo "1953"]
[BlackElo "1658"]
[PlyCount "119"]
[EventDate "2009.07.27"]

1. e4 e5 2. Nf3 Nc6 3. Bc4 Nf6 4. d3 d6 5. h3 Na5 6. Bb3 Nxb3 7. axb3 Be7 8. c4
O-O 9. Be3 b6 10. Nc3 c6 11. O-O Qc7 12. d4 exd4 13. Bxd4 Rd8 14. Qe2 Be6 15.
Rfd1 Qb7 16. e5 dxe5 17. Nxe5 c5 18. Be3 Bd6 19. Bg5 Be7 20. Bf4 Nd7 21. Nxd7
Rxd7 22. Rxd7 Qxd7 23. Nb5 Bf6 24. Nc7 Rd8 25. Rxa7 Qd1+ 26. Qxd1 Rxd1+ 27. Kh2
g5 28. Nxe6 fxe6 29. Bc7 Bxb2 30. Bxb6 Be5+ 31. g3 Bd4 32. Rc7 Bxf2 33. Bxc5
Bxc5 34. Rxc5 h6 35. b4 Rd2+ 36. Kg1 Rb2 37. b5 Rb4 38. Rc6 Kf7 39. b6 Ke7 40.
c5 Rb5 41. Kf2 Kd7 42. Rc7+ Kd8 43. Kf3 Rb4 44. Rh7 Kc8 45. Rxh6 Rb5 46. Rxe6
Rxc5 47. Kg4 Kb7 48. Rg6 Rb5 49. Rxg5 Rxb6 50. Rc5 Rb4+ 51. Kg5 Rb3 52. Kh4
Rb4+ 53. g4 Rb3 54. g5 Kb6 55. Rc4 Kb5 56. Rc8 Rd3 57. g6 Rd7 58. Kg5 Rd1 59.
h4 Rg1+ 60. Kh6 1-0

[Event "IX Open"]
[Site "Condino ITA"]
[Date "2009.07.29"]
[Round "4"]
[White "Sigillo, Carmelo"]
[Black "Forno, Diego"]
[Result "1-0"]
[WhiteElo "1803"]
[BlackElo "1527"]
[PlyCount "107"]
[EventDate "2009.07.27"]

1. e4 c5 2. Nf3 Nc6 3. d3 e6 4. g3 d5 5. Nbd2 Nf6 6. Bg2 Be7 7. O-O O-O 8. Re1
Re8 9. e5 Nd7 10. Nf1 Nb6 11. h4 f6 12. exf6 Bxf6 13. Bg5 h6 14. Bxf6 Qxf6 15.
c3 e5 16. d4 cxd4 17. cxd4 e4 18. N3h2 Qxd4 19. Qb3 Kh8 20. Ne3 Be6 21. Red1
Qf6 22. Qb5 Rad8 23. f3 Nd4 24. Qf1 exf3 25. Nxf3 Nxf3+ 26. Bxf3 Rf8 27. Bg4
Qg6 28. Qh3 Bxg4 29. Qxg4 Qxg4 30. Nxg4 Rfe8 31. Kf2 Kg8 32. Rac1 Rc8 33. Ne3
Rxc1 34. Rxc1 Re7 35. Rd1 Rd7 36. Ke2 Kf7 37. Kd3 Ke6 38. Kd4 Rc7 39. Re1 Kd6
40. Nf5+ Kc6 41. Rc1+ Kd7 42. Rxc7+ Kxc7 43. Nxg7 Kd7 44. g4 a5 45. Nf5 Ke6 46.
Nxh6 Kf6 47. Nf5 Kf7 48. Ne3 Ke6 49. h5 Nd7 50. Nxd5 Nf8 51. Ke4 Nh7 52. Nc3
Ng5+ 53. Kf4 Kf6 54. Nd5+ 1-0